| 000 | 005730000a22001810004500 | ||
|---|---|---|---|
| 090 |
_aAR _b02541 |
||
| 245 | 1 | 0 | _aFirst record of Glossophaga commissarisi (<Chiroptera: Phyllostomidae>) from South America |
| 650 | 1 | 4 |
_aMurciélagos _92659 |
| 650 | 1 | 4 |
_aNuevos registros _994719 |
| 650 | 1 | 4 |
_aDistribución _992865 |
| 651 | 4 |
_pPanamá _992749 |
|
| 653 |
_gGlossophaga _eGlossophaga commissarisi |
||
| 041 | 0 | _aInglés | |
| 700 | 1 |
_aJones, J. Knox _99498 |
|
| 100 | 1 |
_aWebster, David _994631 |
|
| 942 | _cARTICULO | ||
| 773 | 1 |
_tJournal of Mammalogy _3106 _h1 _q150-150 _d1983 _g64 |
|
| 999 |
_c11605 _d11605 |
||